¡Oh envoltura de la muerte! / (Registro nro. 32)
[ vista simple ]
| 000 -LEADER | |
|---|---|
| fixed length control field | 01103nam a22002177a 4500 |
| 003 - CONTROL NUMBER IDENTIFIER | |
| control field | OSt |
| 005 - DATE AND TIME OF LATEST TRANSACTION | |
| control field | 20230711140012.0 |
| 008 - FIXED-LENGTH DATA ELEMENTS--GENERAL INFORMATION | |
| fixed length control field | 230705s2015 ag ||||| |||| 00| 1 spa d |
| 020 ## - INTERNATIONAL STANDARD BOOK NUMBER | |
| International Standard Book Number | 9789500437844 |
| 040 ## - CATALOGING SOURCE | |
| Language of cataloging | spa |
| Transcribing agency | besoc |
| 100 1# - MAIN ENTRY--PERSONAL NAME | |
| Personal name | Blake, Nicholas |
| Dates associated with a name | (1904-1972) |
| Relator term | autor |
| 245 04 - TITLE STATEMENT | |
| Title | ¡Oh envoltura de la muerte! / |
| Statement of responsibility, etc. | Nicholas Blake ; traducción de Elvira Martín |
| 250 ## - EDITION STATEMENT | |
| Edition statement | 1a ed. |
| 260 ## - PUBLICATION, DISTRIBUTION, ETC. | |
| Place of publication, distribution, etc. | Buenos Aires : |
| Name of publisher, distributor, etc. | Emecé, |
| Date of publication, distribution, etc. | 2015 |
| 300 ## - PHYSICAL DESCRIPTION | |
| Extent | 308 p. |
| 490 ## - SERIES STATEMENT | |
| Series statement | El séptimo círculo / colección creada por Jorge Luis Borges y Adolfo Bioy Casares |
| 520 ## - SUMMARY, ETC. | |
| Summary, etc. | Nigel Strangeways, el ingenioso detective de "La bestia debe morir", visita al casi legendario Fergus O´Brien, as de la aviación en la guerra mundial, inventor de máquinas de combate y lector de Shakespeare. O`Brien ha recibido una serie de cartas anónimas, que lo amenazan de muerte. Dice no tomarlas en serio; pero una noche, en una cabaña rodeada de nieve, ocurre un misterioso asesinato [Nota del editor]. |
| 650 #4 - SUBJECT ADDED ENTRY--TOPICAL TERM | |
| Topical term or geographic name entry element | Literatura inglesa |
| Form subdivision | Novelas |
| Chronological subdivision | Siglo XX |
| 700 ## - ADDED ENTRY--PERSONAL NAME | |
| Personal name | Martín, Elvira |
| Relator term | traductor |
| 942 ## - ADDED ENTRY ELEMENTS (KOHA) | |
| Source of classification or shelving scheme | Universal Decimal Classification |
| Koha item type | Obra General |
| Suppress in OPAC | No |
| Withdrawn status | Lost status | Source of classification or shelving scheme | Damaged status | Not for loan | Collection | Home library | Current library | Date acquired | Total checkouts | Full call number | Barcode | Date last seen | Price effective from | Koha item type |
|---|---|---|---|---|---|---|---|---|---|---|---|---|---|---|
| Universal Decimal Classification | Colección General | Biblioteca Escuela de Ciencias Sociales | Biblioteca Escuela de Ciencias Sociales | 11/07/2023 | 82-312.4(410) B636 | 000653 | 11/07/2023 | 11/07/2023 | Obra General |